[Event "Canadian op"]
[White "Ossinger, Brian"]
[Black "Brodie, Hugh"]
[Site "Edmunston"]
[Round "3"]
[Result "0-1"]
[Date "1990.07.01"]
[WhiteElo "1563"]
[BlackElo "1958"]
[PlyCount "72"]
[EventDate "1990.06.29"]
[EventType "swiss"]
[EventRounds "10"]
[EventCountry "CAN"]
[SourceTitle "EXT 2022"]
[Source "ChessBase"]
[SourceDate "2021.10.06"]
[SourceVersion "1"]
[SourceVersionDate "2021.10.06"]
[SourceQuality "1"]

1. e4 c5 2. Nc3 Nc6 3. Nf3 g6 4. Bc4 Bg7 5. 0-0 d6 6. Re1 Nf6 7. d3 0-0 8. Nd5 Bg4 9. h3 Bxf3 10. Qxf3 Ne5 11. Nxf6+ Bxf6 12. Qg3 Nxc4 13. dxc4 Qa5 14. c3 a6 15. Bh6 Rfe8 16. e5 dxe5 17. Rxe5 Qc7 18. Re3 Qxg3 19. Rxg3 Rad8 20. Re1 Rd7 21. f4 Bh4 22. Ree3 Bxg3 23. Rxg3 Red8 24. f5 Rd3 25. Rg4 Rd1+ 26. Kh2 Rb1 27. h4 Rxb2 28. h5 Rd6 29. Re4 gxf5 30. Rxe7 Rxh6 31. Re5 Rxh5+ 32. Kg3 f4+ 33. Kxf4 Rxe5 34. Kxe5 Rxa2 35. g4 Rd2 36. g5 a5 0-1